ბათუმის შოთა რუსთაველის სახელმწიფო უნივერსიტეტის ბიბლიოთეკა

დეტალებისა და ნამზადების ბაზირების საფუძვლები : ლექციების კონსპექტი / (ბიბ.ჩანაწერი № 40349)

000 -ლიდერი
ფიქსირებული სიგრძის საკონტროლო ველი 01013nam a2200205Ia 4500
001 - საკონტროლო ნომერი
საკონტროლო ველი 6957
003 - საკონტროლო ნომრის იდენტიფიკატორი
საკონტროლო ველი GE_BSU
005 - ბოლო ოპერაციის თარიღი და დრო
საკონტროლო ველი 20190701155207.0
008 - ფიქსირებული სიგრძის მონაცემთა ელემენტები - ზოგადი ინფორმაცია
ფიქსირებული სიგრძის საკონტროლო ველი 181216s1985||||ge |||||||||||||| ||geo||
041 ## - ენის კოდი
Language code of text/sound track or separate title geo
080 ## - უნივერსალური ათობითი კლასიფიკაციის ინდექსი
Universal Decimal Classification number 621.753.4 შ-22
100 ## - მთავარი ჩანაწერი - პიროვნების სახელი
Personal name შანშიაშვილი, გ.
9 (RLIN) 3128
245 ## - ცნობა სათაურის შესახებ
Title დეტალებისა და ნამზადების ბაზირების საფუძვლები : ლექციების კონსპექტი /
Statement of responsibility, etc გ. შანშიაშვილი ; რედ : ე.გიორგაძე.
264 ## - წარმოების, გამოცემის, დისტრიბუციის და სხვა ცნობები
გამოცემის, წარმოების, დისტრიბუციის... ადგილი თბილისი :
გამოცემის, წარმოების, დისტრიბუციის... სახელწოდება სპი,
გამოცემის, წარმოების, დისტრიბუციის... თარიღი 1985.
300 ## - ფიზიკური აღწერა
Extent 502 გვ .:
Other physical details ნახაზ.
Dimensions 20 სმ.
504 ## - BIBLIOGRAPHY, ETC. NOTE
Bibliography, etc ბიბლიოგრ.:გვ.51
653 ## - INDEX TERM--UNCONTROLLED
Uncontrolled term დეტალებისა და ნამზადების ბაზირების საფუძვლები
700 ## - ADDED ENTRY--PERSONAL NAME
Personal name გიორგაძე, ე
Relator term რედაქტორი
9 (RLIN) 398
942 ## - ADDED ENTRY ELEMENTS (KOHA)
Koha item type წიგნი
Source of classification or shelving scheme
ეგზემპლარები
ჩამოწერის სტატუსი დაკარგული ეგზემპლარის სტატუსი კლასიფიკაციის წყარო ან თაროზე გაწყობის სქემა დაზიანების სტატუსი არ გაიცემა მუდმივი მდებარეობა (დაცვის ადგილი) ამჟამინდელი ადგილსამყოფელი თაროზე განთავსების ადგილი შეძენის თარიღი ღირებულება, შესყიდვის ნორმალური ფასი სრული შენახვის შიფრი შტრიხკოდი ბოლო ოპერაციის თარიღი ეგზემპლარის მიმდევრობითი ნომერი (კეტერი?) ფასის ძალაში შესვლის თარიღი ეგზემპლარის სახეობა საჯარო შენიშვნა
          ტექნოლოგიური ფაკულტეტის ბიბლიოთეკა ტექნოლოგიური ფაკულტეტის ბიბლიოთეკა წიგნსაცავი 2018-12-17 0.00 621.753.4 შ-22 11182 2018-12-17 11182 2018-12-17 წიგნი 0,20 თ.
          ტექნოლოგიური ფაკულტეტის ბიბლიოთეკა ტექნოლოგიური ფაკულტეტის ბიბლიოთეკა წიგნსაცავი 2018-12-17 0.00 621.753.4 შ-22 11183 2018-12-17 11183 2018-12-17 წიგნი 0,20 თ.
          ტექნოლოგიური ფაკულტეტის ბიბლიოთეკა ტექნოლოგიური ფაკულტეტის ბიბლიოთეკა წიგნსაცავი 2018-12-17 0.00 621.753.4 შ-22 11184 2018-12-17 11184 2018-12-17 წიგნი 0,20 თ.